Limbang

Bibliographic Details
Main Author: Adibah Amin
Format: Book
Published: Petaling Jaya : Longman , 1993

MARC

LEADER 00000cam a2200000 7i4500
001 0000001604
002 000001751
005 20000330.0
020 |a 9837400544 
090 0 0 |a JF   |b ADI 
100 0 |a Adibah Amin 
245 1 0 |a Limbang   |c Adibah Amin 
260 |a Petaling Jaya :   |b Longman ,   |c 1993 
300 |a 38p. :   |b ill ;   |c 24cm. 
999 |a 034234   |b BUKU   |c JUNIOR FICTION   |e PERPUSTAKAAN KOMUNITI PETALING JAYA